banner koha

Cavalo selado procura executivos (Registro n. 339532)

MARC details
000 -LÍDER
fixed length control field 00836nab a2200253 4500
003 - CÓDIGO MARC DA AGÊNCIA CATALOGADORA
Campo de controle BR-BrBNA
005 - DATA E HORA DA ÚLTIMA ATUALIZAÇÃO
Campo de controle 20251221155921.0
008 - CAMPO DE TAMANHO FIXO
fixed length control field 251221b bl.||||| |||| 00| 0 por d
040 ## - FONTE DA CATALOGAÇÃO
Agência catalogadora BR-BrBNA
Idioma da catalogação por
072 ## - CATEGORIA AGRIS
Código AGRIS E12 ; E20 ; C10
100 ## - ENTRADA PRINCIPAL - NOME PESSOAL
Nome pessoal Gradilone, Cláudio
245 ## - TÍTULO PRINCIPAL
Título principal Cavalo selado procura executivos
Subtítulo Agronegócios
500 ## - NOTA GERAL
Nota geral 11 illus.
942 ## - ADDED ENTRY ELEMENTS (KOHA)
Koha item type Analítica
650 ## - ASSUNTO - THESAGRO
Cabeçalho tópico ou nome geográfico AGRONEGÓCIO
650 ## - ASSUNTO - THESAGRO
Cabeçalho tópico ou nome geográfico EMPRESA RURAL
650 ## - ASSUNTO - THESAGRO
Cabeçalho tópico ou nome geográfico MERCADO DE TRABALHO
650 ## - ASSUNTO - THESAGRO
Cabeçalho tópico ou nome geográfico MÃO-DE-OBRA
650 ## - ASSUNTO - THESAGRO
Cabeçalho tópico ou nome geográfico FORMAÇÃO PROFISSIONAL
650 ## - ASSUNTO - THESAGRO
Cabeçalho tópico ou nome geográfico GESTÃO DA PROPRIEDADE
650 ## - ASSUNTO - THESAGRO
Cabeçalho tópico ou nome geográfico CAPACITAÇÃO
773 0# - ENTRADA ANALÍTICA
Host Biblionumber 1706
Registro do item 348080
Imprenta São Paulo-SP Editora Três Ltda - E-mail: luizfsa@revistadinheiro.com.br 2004
Outro identificador 2025-0574
Título Dinheiro Rural (Brazil)
ISSN 1807-3700
Colação v. 9(102) p. 38-46; (Apr 2013)
Número de controle de registro BR2025005289

Nenhum exemplar disponível.

BINAGRI

Telefone: (61)3218-2567/2388/3357/2097 - binagri@agro.gov.br

Ministério da Agricultura e Pecuária , Esplanada dos Ministérios, Bloco D, Anexo B, Brasília/DF, CEP: 70.043-900